000 00422nam a2200169Ia 4500
001 6046
003 IN-NITTTR
005 20251114233015.0
008 251113s9999||||xx |||||||||||||| ||eng||
040 _beng
040 _cIN-NITTTR
041 _aeng
082 _a604.2 B69D
100 _aBoxall, V. E.
245 0 _aDrawings and materials :
_b A textbook for engineering technicians. /
_cBoxall, V. E.
942 _2ddc
_cBK
999 _c8684
_d8684